Darts-Spieler nach Einlaufmusik #3 - Statistiken

Allgemein
  • Dieses Quiz wurde 491 mal gespielt
  • Das Durchschnittsergebnis liegt bei 6 aus 10
Antwortstatistiken
Song Spieler % Korrekt
Ich will - Rammstein Martin Schindler
92%
Shut Up and Dance - WALK THE MOON Michael Smith
81%
Cake by the Ocean - DNCE Luke Humphries
69%
Down Under - Men at Work Simon Whitlock
63%
High Hopes - Panic! at the Disco Danny Noppert
56%
Waka Waka (This Time for Africa) - Shakira Devon Petersen
51%
The Best - Tina Turner Mensur Suljović
47%
Y.M.C.A. - Village People Ricky Evans
46%
L’amour toujours - Gigi D’Agostino Chris Dobey
23%
Whatever You Want - Status Quo Krzysztof Ratajski
23%
Keine übereinstimmenden Quizze gefunden
Verteilung der Resultate
Anzahl Personen mit jedem Resultat
Perzentil nach korrekt beantworteten Fragen
Ihre Resultats-Entwicklung
Sie haben dieses Quiz noch nicht gespielt